Handbook of English Grammar / (Record no. 8996)
[ view plain ]
| 000 -LEADER | |
|---|---|
| fixed length control field | 00280cam a2200121ua 4500 |
| 082 ## - DEWEY DECIMAL CLASSIFICATION NUMBER | |
| Classification number | 428.2 |
| Item number | ZAN/HA |
| 100 ## - MAIN ENTRY--AUTHOR NAME | |
| Personal name | Zandwoort, R W . |
| 245 ## - TITLE STATEMENT | |
| Title | Handbook of English Grammar / |
| 250 ## - EDITION STATEMENT | |
| Edition statement | 3 / |
| 260 ## - PUBLICATION, DISTRIBUTION, ETC. (IMPRINT) | |
| Place of publication | London : |
| Name of publisher | Longman , |
| Year of publication | 1965. |
| 300 ## - PHYSICAL DESCRIPTION | |
| Number of Pages | 350 ; . |
| 942 ## - ADDED ENTRY ELEMENTS (KOHA) | |
| Koha item type | Reference |
| Withdrawn status | Lost status | Damaged status | Collection code | Home library | Current library | Shelving location | Date acquired | Full call number | Accession Number | Koha item type |
|---|---|---|---|---|---|---|---|---|---|---|
| KAUAET | KAUAET | 07/04/2012 | 028.71425 | 11183 | ||||||
| Withdrawn | Reference | KAUAET | Malayalam University | Reference | 07/04/2012 | 428.2.ZAN/HA | 9948 | Books |
